Biblioteca ESET

Adolescencia y Salud (Registro nro. 410)

Detalles MARC
000 -CABECERA
fixed length control field 00604nam a2200217Ia 4500
003 - CONTROL NUMBER IDENTIFIER
control field AR-BeUNQ
005 - FECHA Y HORA DE LA ULTIMA TRANSACCION
control field 20240429194337.0
008 - ELEMENTOS DE LONGITUD FIJA-INFORMACION GENERAL
fixed length control field 221202s9999 xx 000 0 und d
020 ## - NUMERO INTERNACIONAL NORMALIZADO PARA LIBROS
Número Internacional Normalizado del libro 9789507019586
040 ## - FUENTE DE CATALOGACION
Agencia de catalogación original AR-BeUNQ
Idioma de catalogación ESPAÑOL
Convenciones de la descripción aacr
Agencia que realiza la transcripción AR-BeUNQ
100 ## - ASIENTO PRINCIPAL-NOMBRE PERSONAL
Nombre personal Kornblit, Ana Lía
245 #0 - MENCION DE TITULO
Título Adolescencia y Salud
250 ## - MENCION DE EDICION
Mención de edición 1a ed.
260 ## - PUBLICACION, DISTRIBUCION, ETC.
Lugar de publicación, distribución, etc. Buenos Aires
Nombre del editor, distribuidor, etc. Aique
Fecha de publicación, distribución, etc 2009
300 ## - DESCRIPCION FISICA
Extensión 224 p. ;
Otros detalles físicos il. ;
Dimensiones 28 x 20 cm
546 ## - NOTA DE IDIOMA
Nota de idioma Español
653 ## - TERMINO DE INDIZACION - NO CONTROLADO
Término de indización no controlado Salud en adolescentes
700 ## - ASIENTO SECUNDARIO - NOMBRE DE PERSONA
Personal name Mendez Diz, Ana María
929 ## - DATOS DE ADQUISICION
Proveedor Alarcón Gladys
Fecha de recibido 2019
Procedencia DONACION
Número de inventario 58904
Patrimonio UNQ PAT0081488
942 ## - ELEMENTOS DE PUNTO DE ACCESO ADICIONAL (KOHA)
Tipo de ítem Koha Libros
Suppress in OPAC 0
Existencias
Estado de retiro Estado de pérdida Fecha de ingreso Total Checkouts Inventario Date last seen Tipo de ítem Koha
    02/12/2022   58904 02/12/2022 Libros

ESET UNQ

☏ 4365-7188
 Avenida República de Francia 1714 entre Doctor Kenny y Concordia, Ezpeleta, Bs As.
✉ secretaria_eset@unq.edu.ar

Con tecnología Koha